Celostná kompetentnosť manažérov a ich spôsobilosť na výkon manažérskej funkcie bakalárska práca

Gespeichert in:
Bibliographische Detailangaben
1. Verfasser: Horkavá, Barbora
Körperschaft: Fakulta podnikového manažmentu EU. Katedra manažmentu
Weitere Verfasser: Jamnický, Peter
Format: Buch
Sprache:Slowakisch
Veröffentlicht: Bratislava 2013
Tags: Tag hinzufügen
Keine Tags, Fügen Sie das erste Tag hinzu!

MARC

LEADER 00000nbm a2200000 4500
001 0176232
005 20170209094009.1
041 0 |a slo 
044 |a SK 
245 1 0 |a Celostná kompetentnosť manažérov a ich spôsobilosť na výkon manažérskej funkcie  |b bakalárska práca  |c Barbora Horkavá ; školiteľ: Peter Jamnický 
264 1 |a Bratislava  |c 2013 
300 |a 54 s. 
100 1 |a Horkavá, Barbora 
700 1 |a Jamnický, Peter 
710 2 |a Fakulta podnikového manažmentu EU. Katedra manažmentu